Giải tích hàm một biến

Zapisane w:
Opis bibliograficzny
1. autor: Đinh, Ngọc Thanh
Kolejni autorzy: Nguyễn, Đình Phư
Format: Książka
Język:Undetermined
Wydane: H. Giáo dục 2003
Hasła przedmiotowe:
Dostęp online:http://lrc.tdmu.edu.vn/opac/search/detail.asp?aID=2&ID=6096
Etykiety: Dodaj etykietę
Nie ma etykietki, Dołącz pierwszą etykiete!
Thư viện lưu trữ: Trung tâm Học liệu Trường Đại học Thủ Dầu Một
LEADER 00605nam a2200205Ia 4500
001 TDMU_6096
008 210410s9999 xx 000 0 und d
082 |a 515.5 
090 |b Đ312 
100 |a Đinh, Ngọc Thanh 
245 0 |a Giải tích hàm một biến 
245 0 |c Đinh Ngọc Thanh 
260 |a H. 
260 |b Giáo dục 
260 |c 2003 
300 |a 180tr 
650 |a Giải tích hàm 
700 |a Nguyễn, Đình Phư 
856 |u http://lrc.tdmu.edu.vn/opac/search/detail.asp?aID=2&ID=6096 
980 |a Trung tâm Học liệu Trường Đại học Thủ Dầu Một